000 00897nam a2200253Ia 4500
003 OSt
005 20221005112219.0
006 a|||||r|||| 00| 0
007 ta
008 221004b |||||||| |||| 00| 0 pan d
020 _a9788171435593 (hbk)
_c180
024 _a2054
037 _b175, 18/12/2012, Orange Books International
_cTextual
040 _aCRL
_cCRL
_bpan
041 _2pan
_apan
082 _aO153,3x, Q2
100 _aਗਿੱਲ, ਰਛਪਾਲ ਕੌਰ
245 0 _aਟਾਹਣੀਓ੍ਵ ਟੁੱਟੇ
260 _aਅੰਮ੍ਰਿਤਸਰ
_bਰਵੀ ਸਾਹਿਤ ਪ੍ਰਕਾFਨ ਭਾਰਤ
_c2012
300 _a160ਪੰ
_ccm.
650 _aਪੰਜਾਬੀ ਸਾਹਿਤ
942 _hO153,3x, Q2
_cTEXL
_2cc
999 _c1024214
_d1024214